Buts de CR7 - Statistiques

Statistiques générales
  • Ce quiz a été pris 402 fois
  • Le résultat moyen est 20 sur 69
Statistiques - réponses
Nombre de buts Club % Correct
20 Barcelone
91%
25 Atlético Madrid
81%
6 Lyon
81%
5 Manchester City
75%
10 Juventus
73%
4 Marseille
71%
27 Séville
70%
6 AC Milan
65%
9 Bayern Munich
62%
5 Inter Milan
61%
9 Arsenal
58%
6 Betis Seville
54%
15 Valence
54%
17 Athlétic Bilbao
52%
15 Real Sociedad
47%
15 Villareal
47%
7 Dortmund
44%
14 Tottenham
43%
23 Getafe
40%
4 Naples
38%
10 AS Roma
34%
5 Lazio Rome
33%
8 Newcastle
31%
20 Celta Vigo
30%
12 Rayo Vallecano
30%
12 Ossassuna
29%
9 Aston Villa
28%
15 Espanyol Barcelone
27%
6 Everton
26%
17 Malaga
26%
9 Ajax
25%
12 Grenade
24%
6 West Ham
24%
6 Atalanta
23%
7 Eibar
22%
14 Levante
21%
4 Torino
20%
5 Alaves
19%
7 Almeria
19%
7 Elche
19%
5 Genoa
17%
6 Sassuolo
16%
7 Fulham
15%
6 Galatasaray
15%
8 Cagliari
14%
13 Deportivo la Corogne
14%
7 Udinese
14%
6 Gijon
13%
5 Sampdoria
13%
7 Schalke 04
13%
4 Girone
12%
6 Malmo
11%
4 Norwich
11%
7 Mallorca
9%
6 APOEL Nicosie
8%
4 Dynamo Moscou
8%
4 West Brom Wich
8%
6 Portsmouth
7%
6 Bolton
6%
7 Wigan
5%
5 Middlesbrough
4%
6 Parma
3%
4 Reading
3%
5 Shakhtar Donestk
3%
4 Al-Wehda
1%
6 Racing Santander
1%
7 Real Zaragoza
1%
4 Xerez
1%
4 Derby Country
0%
Aucun quiz correspondant
Distribution des résultats
% des personnes avec chaque résultat
Percentile par nombre de réponses
Votre historique - résultats
Vous n’avez pas pris ce quiz